Travel medicine (Record no. 32935)

MARC details
000 -LEADER
fixed length control field 00749nam a2200205 a 4500
008 - FIXED-LENGTH DATA ELEMENTS--GENERAL INFORMATION
fixed length control field 120228s2001 ||||||||||||||||| || u
020 ## - INTERNATIONAL STANDARD BOOK NUMBER
International Standard Book Number 1899541594
050 ## - LIBRARY OF CONGRESS CALL NUMBER
Classification number RA 783.5 Pol
100 ## - MAIN ENTRY--PERSONAL NAME
Personal name Pollard, Andrew J
245 10 - TITLE STATEMENT
Title Travel medicine
Statement of responsibility, etc. Andrew Pollard, David R. Murdoch
260 ## - PUBLICATION, DISTRIBUTION, ETC.
Place of publication, distribution, etc. Oxford
Name of publisher, distributor, etc. Health
Date of publication, distribution, etc. 2001
300 ## - PHYSICAL DESCRIPTION
Extent 152p.: ill.
350 ## -
-- 0.00
490 ## -
-- Fast facts: indispensable guides to clinical practice
500 ## - GENERAL NOTE
General note Bibliography
650 ## - SUBJECT ADDED ENTRY--TOPICAL TERM
Topical term or geographic name entry element TRAVEL--HEALTH ASPECTS
650 ## - SUBJECT ADDED ENTRY--TOPICAL TERM
Topical term or geographic name entry element TROPICAL MEDICINE
700 ## - ADDED ENTRY--PERSONAL NAME
Personal name Murdoch, David R
995 ## -
-- MICHAEL CHILUFYA SATA OPEN ACCESS
-- 901760
-- CBU-SCHOOL OF MEDICINE LIBRARY (Ndola)
-- 0.00
-- RA 783.5 Pol
-- 1
-- AVAILABLE
-- Jul 13, 2012
-- 901760
-- Medical Library Open Access Collection
999 ## -
-- 32935
-- 32935
Holdings
Withdrawn status Lost status Source of classification or shelving scheme Damaged status Not for loan Permanent Location Current Location Shelving location Date acquired Total Checkouts Full call number Barcode Date last seen Price effective from Koha item type
          CBU-SCHOOL OF MEDICINE LIBRARY, NDOLA. CBU-SCHOOL OF MEDICINE LIBRARY, NDOLA.   11/30/2022   RA 783.5 Pol 901760 11/30/2022 11/30/2022 MONOGRAPH